01354nam a2200373 i 450000100060000000300080000600500170001400600190003100700150005000800410006502000180010602000280012403500220015204000310017405000220020508000130022708200180024010000380025824500560029625000230035226400390037530000410041433600290045533700330048433800390051750400290055658800830058559001620066865000250083065500270085579700180088285600630090099900170096331719FINmELB20241216220700.0m o u cr cn|||||||||220428s2023 ck ob 000 0 spa d z9789585188501 a9789585188532q(e-book) a(OCoLC)1379806861 aFINmELBbspaerdacFINmELB14aKHH550bS487 2023 a347(862)04a346.861042231 aSerrano Gómez, Rocío,eautor.10aDerecho Civil :bbienes /cRocío Serrano Gómez. aTercera edición. 1aSantander :bEdiciones UIS,c2023. a1 recurso en línea (229 páginas) atextobtxt2rdamedia/spa acomputadorabc2rdamedia/spa arecurso en línea2rdacarrier/spa aContiene bibliografía. aDescripción basada en metadatos suministrados por el editor y otras fuentes. aRecurso electrónico. Santa Fe, Arg.: elibro, 2021. Disponible vía World Wide Web. El acceso puede estar limitado para las bibliotecas afiliadas a elibro. 4aPropiedadzColombia. 4aLibros electrónicos.2 aelibro, Corp.40uhttps://elibro.net/ereader/politecnicointernacional/228834 c31719d31719